Biblioteca Parlamentaria
Catálogo en línea

Arguello: Debate de proyecto de Ley de Prevención de Drogas (Registro nro. 30902)

000 -CABECERA
Campo de control interno 02151nam a22001937a 4500
005 - FECHA Y HORA DE LA CATALOGACION
Campo de control 20150923103652.0
008 - ELEMENTOS DE LONGITUD FIJA - INFORMACION
Elementos de Longitud Fija - Informaci 150923b xxu||||| |||| 00| 0 eng d
040 ## - ORIGEN DE LA CATALOGACION
Origen de la Catalogación ANE
041 ## - CODIGO DE LENGUAJE
Código de lenguaje del texto Es
082 ## - NUMERO DE CLASIFICACION DECIMAL DEWEY
1ra. Clasificación RAD-219
100 ## - ENTREVISTADO
Entrevistado Arguello, Blanca
Rol del entrevistado asambleísta por Alianza País e integrante de la comisión legislativa del derecho a la salud
245 ## - TÍTULO GENERAL
Título Arguello: Debate de proyecto de Ley de Prevención de Drogas
260 ## - EDITORIAL
Ciudad Quito
Televisora que emite el programa Radio Majestad
Fecha del Programa 2015-09-22
300 ## - DESCRIPCION
Duración en minutos, horas (del programa) p.
520 ## - RESUMEN
Resumen Este martes la Asamblea Nacional retomará el curso de la sesión 347 para el segundo y definitivo debate del proyecto de Ley de Prevención del Fenómeno Socio Económico de las Drogas, tema que ha generado debate a partir de la posición que ha sido pública por parte del presidente Rafael Correa, respecto de la necesidad de endurecer las sanciones para los microtraficantes. Ante esto se ha planteado una modificación de la tabla del Consejo Nacional de Sustancias Estupefacientes y Psicotrópicas (CONSEP), en torno a los mínimos y máximos para tenencia y consumo de drogas, no obstante el tema no ha dejado de ser materia de polémica ya que hay sectores que plantean la necesidad de reformar el Código Orgánico Integral Penal, pero hay otros que creen que ya no es necesaria esa reforma al COIP, si se toma en cuenta la modificación de la tabla. La asambleísta de Alianza País, e integrante de la comisión legislativa del derecho a la salud, Blanca Arguello, ofreció su punto de vista en cuanto al tema.


650 ## - DESCRIPTORES - TEMAS
Temas - Descriptores endurecimiento sanciones/Asamblea Nacional/Alianza País/comisión legislativa del derecho a la salud/Comisión de Justicia Estructura del Estado/Radio Majestad/Consejo Nacional de Sustancias Estupefacientes y Psicotrópicas (CONSEP)/Presidente República/ Código Orgánico Integral Penal/segundo debate/proyecto de Ley de Prevención del Fenómeno Socio Económico de las Drogas/ necesidad de endurecer las sanciones para los microtraficantes/lanteado modificación tabla/ mínimos y máximos para tenencia y consumo de drogas/
700 ## - Otros entrevistados
Otros entrevistados Correa, Rafael
Rol de otros entrevistados Presidente República
942 ## - ELEMENTOS DE KOHA
Esquema de Clasificaci
Tipo de Documento Material Multimedia (radio y televisión)
Catalogador IES.
Existencias
Withdrawn status Lost status Fuente de Clasificaci Damaged status Not for loan Ubicaci Biblioteca Fecha de Adquisición Signatura Topogr Código de barras Date last seen Price effective from Tipo de Item
          Biblioteca Asamblea Nacional Biblioteca Asamblea Nacional 2015-09-23 RAD-219 RAD-219 2015-09-23 2015-09-23 Material Multimedia (radio y televisión)
Dirección: Av. 6 de Diciembre y Piedrahita | Quito - Ecuador
Teléfonos: 593-23991000 Ext: 1147/1148
Correo:
archivo.biblioteca@asambleanacional.gob.ec

Soporte: FusionSolutions Cia. Ltda
archivobiblioteca white

Con tecnología Koha